000 00699nam a2200193 a 4500
001 BRCA_1080
005 20190320203254.0
008 980518s1993 mx-a---##b---#000-0#spa-#
020 _a9688590894
040 _aDLC
_cDLC
_dDLC
050 4 _aF1231
_b.O53 1993
245 1 0 _aOnce del virreinato
_b500 años de presencia de México en el mundo
260 _aMéxico
_bUniversidad Iberoamericana, Dirección de Extensión Universitaria
_c1993
300 _a168 p.
_bil. (algunas a color)
_c21 cm.
504 _aBibliografía: p.154
651 4 _aMéxico
_xHistoria
_yColonia española, 1540-1810.
_9394
710 2 _aUniversidad Iberoamericana
_bDirección de Extensión Universitaria
_93557
942 _2lcc
_cB
999 _c959
_d959